Sociologists in action on inequalities: race, class, gender and sexuality
Saved in:
| Main Author: | |
|---|---|
| Format: | Book |
| Language: | English |
| Published: |
Sage Publications,
2015.
|
| Tags: |
Add Tag
No Tags, Be the first to tag this record!
|
MARC
| LEADER | 00000nam a22000007a 4500 | ||
|---|---|---|---|
| 008 | 210126b ||||| |||| 00| 0 eng d | ||
| 020 | |a 978-1-4522-4202-6 | ||
| 100 | |a WHITE, Shelley R. | ||
| 245 | |a Sociologists in action on inequalities: |b race, class, gender and sexuality |c Shelley K. White, Jonathan M. White [and] Kathleen Odell Korgen |g xii, 194p. | ||
| 260 | |b Sage Publications, |c 2015. |h Los Angeles: |i 692325 |i 692326 |l HT1521 .N58 |m Race. |m Social Classes. |m Gender identity. | ||
| 500 | |a “It includes references and index”. | ||
| 942 | |a ddc |c BK |e Adeniran, f. A |f 26/01/2021 | ||
| 952 | |0 0 |1 0 |2 lcc |4 0 |6 HT1521 N58 |7 0 |9 1950 |a HOL |b HOL |c GJ |d 2021-01-26 |l 0 |o HT1521 .N58 |p 2021-5813 |r 2021-01-26 00:00:00 |w 2021-01-26 |y BK | ||
| 952 | |0 0 |1 0 |2 lcc |4 0 |6 HT1521 N58 |7 0 |9 1951 |a HOL |b SSL |c GJ |d 2021-01-26 |l 0 |o HT1521 .N58 |p 2021-5814 |r 2021-01-26 00:00:00 |w 2021-01-26 |y BK | ||
| 999 | |c 1023 |d 1023 | ||